MARC

LEADER 00000nam0a2200000 4500
001 331644
005 20231102004358.0
035 |a (RuTPU)RU\TPU\book\357503 
090 |a 331644 
100 |a 20170502d1976 k y0rusy50 ca 
101 0 |a rus 
102 |a RU 
105 |a a z 001zy 
200 1 |a Катализ горения взрывчатых веществ  |f А. П. Глазкова  |g Академия наук СССР (АН СССР), Институт химической физики им. Н. Н. Семенова (ИХФ) 
210 |a Москва  |c Наука  |d 1976 
215 |a 264 с.  |c ил. 
320 |a Библиогр.: с. 252-261 
606 |a Взрывчатые вещества  |x Горение  |x Химическая технология  |2 stltpush  |3 (RuTPU)RU\TPU\subj\32967  |9 55339 
610 1 |a нитросоединения 
610 1 |a нитрамины 
610 1 |a нитроэфиры 
610 1 |a температура 
610 1 |a распределение 
610 1 |a катализаторы 
610 1 |a ингибиторы 
610 1 |a смеси 
610 1 |a влияние 
610 1 |a катализ 
675 |a 662.2  |v 4 
700 1 |a Глазкова  |b А. П.  |g Анна Петровна 
712 0 2 |a Академия наук СССР (АН СССР)  |b Институт химической физики им. Н. Н. Семенова (ИХФ)  |c (Москва)  |2 stltpush  |3 (RuTPU)RU\TPU\col\1482 
801 1 |a RU  |b 63413507  |c 20170502 
801 2 |a RU  |b 63413507  |c 20200908  |g RCR 
942 |c BK